| 000 | 00387nam a22001697a 4500 | ||
|---|---|---|---|
| 003 | OSt | ||
| 005 | 20240307121600.0 | ||
| 008 | 170921b xxu||||| |||| 00| 0 eng d | ||
| 020 | _aNA | ||
| 040 | _cSEROSOFT | ||
| 100 | _aAHMAD ,AMEER | ||
| 245 | _aCIVIL ESTIMATING, COSTING & VALUATION | ||
| 250 | _a2ND | ||
| 260 |
_aMEERUT _bJPNP _c2017-18 |
||
| 300 | _a367 | ||
| 942 |
_2ddc _c02 _e2ND |
||
| 999 |
_c40555 _d40555 |
||